000
00235nam a22001097a 4500
082
_a
629.1 FLY'C
100
_a
COVER
_9
76378
245
_a
FLYING 1981 BUYER'S GUIDE
260
_a
TROUSDALE
_b
COVER
_c
1981
300
_a
170P
942
_c
BK
999
_c
581771
_d
581771